000 00809nam a2200253Ia 4500
003 OSt
005 20220918171504.0
006 a|||||r|||| 00| 0
007 ta
008 220917b |||||||| |||| 00| 0 eng d
020 _a9781844672790 (pbk)
_c1514.24
024 _a239,160
037 _b26666, 02/12/2008, Segment Book Distributors
_cTextual
040 _aARTS
_cARTS
_beng
041 _2eng
_aeng
082 _aO111,3M82:g, P8
100 _aJameson Fredric
245 0 _aFables of aggression
_b Wyndham lewis, the modernist as fascist
260 _aCalifornia
_bVerso USA
_c2008
300 _aix,190p.
_ccm.
650 _aENGLISH LITERATURE
942 _hO111,3M82:g, P8
_cTEXL
_2CC
999 _c139827
_d139827